000
00326 a2200157 4500
001
190564
020
_a
978-0-19-479225-7
040
_c
Magnum
100
_a
Border, Rosemary
240
1
0
_a
Ghost stories
_l
ING
245
1
0
_a
Ghost stories
300
_a
104
362
0
_a
2014
697
_a
LITERATURA INGLESA
942
_c
BK
999
_c
190564
_d
190564